Royal tourists, colonial subjects and the making of a British world, 1860-1911 (Record no. 52191)

MARC details
000 -LEADER
fixed length control field 01029nam a2200217Ia 4500
000 - LEADER
fixed length control field 01545naaa 00289uu
001 - CONTROL NUMBER
control field https://directory.doabooks.org/handle/20.500.12854/33653
008 - FIXED-LENGTH DATA ELEMENTS--GENERAL INFORMATION
fixed length control field 211013s9999 xx 000 0 und d
020 ## - INTERNATIONAL STANDARD BOOK NUMBER
International Standard Book Number 9781526123848
024 ## - OTHER STANDARD IDENTIFIER
Standard number or code 10.7765/9781526123848
042 ## - AUTHENTICATION CODE
Authentication code dc
245 #0 - TITLE STATEMENT
Title Royal tourists, colonial subjects and the making of a British world, 1860-1911
260 ## - PUBLICATION, DISTRIBUTION, ETC.
Place of publication, distribution, etc. Manchester
Name of publisher, distributor, etc. Manchester University Press
Date of publication, distribution, etc. 2018
520 ## - SUMMARY, ETC.
Summary, etc. Examines the nineteenth-century royal tour from the perspectives of various historical actors - including royals, politicians and indigenous people - in order to demonstrate how a multi-valent British culture was created throughout the empire.
540 ## - TERMS GOVERNING USE AND REPRODUCTION NOTE
Terms governing use and reproduction Creative Commons
653 ## - INDEX TERM--UNCONTROLLED
Uncontrolled term History
700 1# - ADDED ENTRY--PERSONAL NAME
Personal name Reed, Charles
856 ## - ELECTRONIC LOCATION AND ACCESS
Uniform Resource Identifier <a href="https://docs.google.com/spreadsheets/d/1yKIrdCPDAG_9c22mwoOIO2DOhtj65Wqa/edit?usp=sharing&ouid=106555315294820607512&rtpof=true&sd=true ">https://docs.google.com/spreadsheets/d/1yKIrdCPDAG_9c22mwoOIO2DOhtj65Wqa/edit?usp=sharing&ouid=106555315294820607512&rtpof=true&sd=true </a>
Link text List of Curated E-Books
942 ## - ADDED ENTRY ELEMENTS (KOHA)
Koha item type E-Book
Holdings
Withdrawn status Source of classification or shelving scheme Damaged status Not for loan Home library Current library Date acquired Total Checkouts Date last seen Price effective from Koha item type
  Library of Congress Classification   Not For Loan Directory of Open Access Books Directory of Open Access Books 12/22/2021   12/22/2021 12/22/2021 E-Book

University of Rizal System
Email us at univlibservices@urs.edu.ph

Visit our Website www.urs.edu.ph/library